000 00203 a2200109 4500
020 _a9780545007153
041 _aeng
100 _aJeff Bauer
245 _aUnderground Homes
942 _cBK
952 _71
999 _c18838
_d18838